01062nam a22002177a 4500003000800000008004100008037002000049040003500069041000800104080001400112100003200126245019500158260009400353300002300447502017200470650007000642655001200712700003600724700002600760710005800786BI-BuBU250520b2025 bd fr|||| 000 0 fre d bDon de l'auteur aBI-BuBUbfrecBI-BuBUdBI-BuBU0 afre a665.353.41 4aut.aKamara karamagi, Fred10aEtude de quelques paramètres de qualité des huiles de palme vendues dans les marchés de BujumburacFred Kamara Karamagi ; Séverin Sindayikengera, directeur, David Nahimana, directeur aBujumburabUniversité du Burundi, Faculté des Sciences, département de Chimiec2025 aXIII-55 f.c30 cm. aMémoire présenté et défendu publiquement en vue de l'obtention du diplôme de Master en Sciences Chimiques. Spécialité : Contrôle et Analyses Chimiques. 72BI-BuBUaHuile de PalmexQualitéxVenduezMarché de Bujumbura 2BI-BuBU1 4dir.aSindayikengera, Séverin1 4dir.aNahimana, David1 4aut.aUniversité du BurundibFaculté des Sciences